000 00713nam a2200241 a 4500
001 55221
003 BD-RjUL
005 20211209080232.0
008 161115r2001 ii ||||| |||| 00| 0 eng d
020 _a8122403212
035 _a(BD-RjUL)55343)
040 _aBD-RjUL
_beng
_cBD-RjUL
041 _aeng
082 _223
_a531.7
_bVEC 2001
100 1 0 _aVerma, A. R
_9164524
245 _aCrystallography Applied to Solid State Physics. /
_cA R Verma, O.N Srivastava
250 _a2nd ed.
260 _aNew Delhi, India :
_bNew Age International,
_c1991[Reprinted 2001]
300 _a464 p. :
_bill, ;
_c22 cm
650 _aSolid state physics
_9119295
700 _aSrivastava, O.N
_9164525
942 _2ddc
_cBK
999 _c55221
_d55221